000 nam a22 7a 4500
999 _c10111
_d10111
008 180212b ||||| |||| 00| 0 eng d
100 _aVijaya
_96130
245 _aGeneral knowledge times - VIIVIJ
260 _aNew delhi
_bAay bee publication